Materialwirtschaft und Einkauf Praktische Einführung und Entscheidungshilfe
Salvato in:
| Autore principale: | |
|---|---|
| Altri autori: | , |
| Natura: | Libro |
| Lingua: | tedesco |
| Pubblicazione: |
Wiesbaden
Gabler
1988
|
| Edizione: | 6. durchges. Aufl. |
| Soggetti: | |
| Tags: |
Nessun Tag, puoi essere il primo ad aggiungerne!!
|
MARC
| LEADER | 00000nam a2200000 4500 | ||
|---|---|---|---|
| 001 | c000143 | ||
| 005 | 20221219111737.4 | ||
| 020 | |a 3-409-35156-6 | ||
| 041 | 0 | |a ger | |
| 044 | |a DE | ||
| 245 | 1 | 0 | |a Materialwirtschaft und Einkauf |b Praktische Einführung und Entscheidungshilfe |c Hans Arnolds, Franz Heege, Werner Tussing |
| 250 | |a 6. durchges. Aufl. | ||
| 264 | 1 | |a Wiesbaden |b Gabler |c 1988 | |
| 300 | |a 356 s. | ||
| 610 | 2 | 0 | |a nákup |
| 610 | 2 | 0 | |a hospodárstvo podnikové |
| 610 | 2 | 0 | |a rozhodovanie podnikové |
| 610 | 2 | 0 | |a modely zásob |
| 610 | 2 | 0 | |a výskum trhu |
| 610 | 2 | 0 | |a logistika |
| 610 | 2 | 0 | |a štruktúra organizačná |
| 610 | 2 | 0 | |a analýza hodnotová |
| 610 | 2 | 0 | |a trh |
| 610 | 2 | 0 | |a ceny |
| 610 | 2 | 0 | |a politika personálna |
| 610 | 2 | 0 | |a odpad |
| 610 | 2 | 0 | |a hospodárenie s materiálom |
| 100 | 1 | |a Arnolds, Hans | |
| 700 | 1 | |a Heege, Franz | |
| 700 | 1 | |a Tussing, Werner | |